Movies Quiz

Random Movies Quiz
Score 0/8 Timer 02:00
0 Plays Today
Starring Movie % Correct
Tyler Perry, Janet Jackson, Jill ScottWhy Did I Get Married
79.2%
Tyler Perry, Maya Angelou, Blair UnderwoodMadea's Family Reunion
73.1%
Tyler Perry, Keshia Knight Pulliam, Derek LukeMadea Goes to Jail
73.1%
Tyler Perry, Taraji P. Hinson, Adam RodriguezI Can Do Bad All By Myself
68.1%
Tyler Perry, Tamara Taylor, Tiffany EvansDiary of a Mad Black Woman
67.7%
Angela Bassett, Rick Fox, David MannMeet the Browns
67.4%
Idris Elba, Gabrielle Union, Louis Gossett Jr.Daddy's Little Girls
63.3%
Kathy Bates, Alfre Woodard, Sanaa LathanThe Family That Preys
49.5%

You're not logged in!

Compare scores with friends on all Sporcle quizzes.
OR
Log In

Sporcle TV

Today on Sporcle TV


Watch our educational content, quiz creation guides, and fun videos on Sporcle TV.

Show Comments

Extras

Created Sep 29, 2009ReportNominate
Tags:Perry, Starring, Tyler, Tyler Perry

Top Quizzes Today


Score Distribution

Paid Content

Your Account Isn't Verified!

In order to create a playlist on Sporcle, you need to verify the email address you used during registration. Go to your Sporcle Settings to finish the process.

Report this User

Report this user for behavior that violates our Community Guidelines.

Details: